000 00724nam a22001697a 4500
005 20251108165343.0
008 250721s1977 xx 000 0 ara d
082 1 4 _aم/012.09612/دلي
245 1 0 _aدليل المؤلفين العرب الليبين :
_bحصر للمؤلفين القدامى و المعاصرين الذين توفرت معلومات عنهم منذ الفتح الإسلامي لليبيا حتى سسنة 1976 /
264 1 _aطرابلس(ليبيا) :
_bدار الكتب-امانة الاعلام و الثقافة،
_c1977.
300 _a596ص : كشاف
650 1 7 _aالببليوغرافيات
650 1 7 _aالمؤلفون
650 1 7 _aليبيا
942 _2ddc
_cREF
999 _c25855
_d25855